| Registos Bibliográficos associados ao registo de autoridade |
|
Etiqueta de registo: 00254nam 2200025 450 001 2280351 003 http://id.bnportugal.gov.pt/bib/catbnp/2280351 100 ## $a20260316d2025 k y0pory01030103ba 101 0# $aeng$dpor 102 ## $aPT 105 ## $aa m 000yy 106 ## $ar 200 1# $a A criatura e o risco ou o solilóquio na pintura$fMariana Cardoso e Guerreiro Gomes$gorient. Pedro Filipe Rodrigues Pousada 210 #9 $aCoimbra$c[s.n.],$d2025 215 ## $a179 p.$cil. $d30 cm 328 #1 $aTese dout. Arte Contemporânea, Colégio das Artes da Universidade de Coimbra, 2025 675 ## $a7.049(043)$vBN$zpor$31343999 675 ## $a73/75(043)$vBN$zpor$31992796 700 #1 $aGomes,$bMariana Cardoso e Guerreiro$31991435 702 #1 $aPousada,$bPedro,$f1970-$4727$31617895 801 #0 $aPT$bBN$gRPC 966 ## $lBN$mFGMON$sB.A. 53378 V.$x1 971 ## $cisantos$d20260316 972 ## $e0$z0$d20260331$vasantos 973 ## $ctrodrigues$d20260320
|
|
|